| 000 | 00894nam a2200253 i 4500 | ||
|---|---|---|---|
| 001 | 12337 | ||
| 003 | KOSZ 005 | ||
| 005 | 20190725111846.0 | ||
| 008 | 071016s1972 pl a f 000 0 pol | ||
| 015 | _aPB 1972/10526 | ||
| 040 |
_aWA N _cKOSZ 005/ID _dKOSZ 005/ID |
||
| 080 | _a621.01:536 | ||
| 245 | 0 | 0 |
_aZbiór zadań z teorii maszyn cieplnych / _cJ. Gąsiorowski [et al.]. |
| 250 | _aWyd. 2 popr. | ||
| 260 |
_aWarszawa : _bWydawnictwa Naukowo-Techniczne, _c1972. |
||
| 300 |
_a275, [1] s., [7] s. tabl. : _bil., err. ; _c25 cm. |
||
| 380 | _aKsiążki. | ||
| 650 | 4 |
_aMaszyny cieplne _xteoria. |
|
| 655 | 4 | _aĆwiczenia i zadania | |
| 700 | 1 |
_aGąsiorowski, Jerzy. _eAutor |
|
| 710 | 2 |
_aWydawnictwa Naukowo-Techniczne _4pbl. |
|
| 856 |
_uhttp://koha.tu.koszalin.pl/cgi-bin/koha/opac-detail.pl?biblionumber=12337 _yKatalog online BPK |
||
| 942 |
_2UKD _cKS |
||
| 999 |
_c12337 _d12337 |
||